Rappeurs francophones par photo - Statistiques

Statistiques générales
  • Ce quiz a été pris 103 455 fois
    84 694 depuis la dernière actualisation
  • Le résultat moyen est 14 sur 20
Statistiques - réponses
Par images Réponse % Correct
Booba
97%
Jul
96%
Gims
92%
SCH
91%
PNL
89%
Damso
87%
Kaaris
87%
Ninho
87%
Orelsan
87%
Nekfeu
86%
Diam's
85%
Vald
84%
PLK
79%
La Fouine
77%
IAM
45%
JoeyStarr
45%
MC Solaar
44%
Rohff
42%
Oxmo Puccino
22%
Hugo TSR
14%
Aucun quiz correspondant
Distribution des résultats
% des personnes avec chaque résultat
Percentile par nombre de réponses
Votre historique - résultats
Vous n’avez pas pris ce quiz depuis la dernière actualisation